[Event "Acqui Terme op 3rd"]
[Site "Acqui Terme"]
[Date "2014.07.08"]
[Round "3"]
[White "Yao, Stefano"]
[Black "Bosca, Valter Romano"]
[Result "1-0"]
[WhiteElo "2176"]
[BlackElo "2019"]
[PlyCount "79"]
[EventDate "2014.07.06"]
[EventType "swiss"]
[EventRounds "9"]
[EventCountry "ITA"]
[SourceTitle "CBM 161 Extra"]
[Source "ChessBase"]
[SourceDate "2014.08.29"]
[SourceVersion "1"]
[SourceVersionDate "2014.08.29"]
[SourceQuality "1"]

1. d4 Nf6 2. Nf3 e6 3. Bg5 b6 4. e3 Be7 5. Bd3 Bb7 6. Nbd2 d6 7. c4 h6 8. Bh4 Nh5 9. Bxe7 Qxe7 10. Qa4+ Nd7 11. 0-0-0 Nhf6 12. Qc2 0-0-0 13. Kb1 Kb8 14. Ne4 Rhe8 15. Nfd2 Nxe4 16. Bxe4 f5 17. Bxb7 Kxb7 18. e4 Qf6 19. Nb3 c5 20. Rhe1 g6 21. e5 dxe5 22. dxc5 Nxc5 23. Nxc5+ bxc5 24. Qa4 Qe7 25. Qb5+ Kc7 26. Rxd8 Rxd8 27. Rxe5 Rd1+ 28. Kc2 Qd6 29. Qxc5+ Qxc5 30. Rxc5+ Kd6 31. Kxd1 Kxc5 32. b3 e5 33. Kd2 Kd4 34. f3 a5 35. Ke2 g5 36. g3 h5 37. h3 Kc5 38. Kd3 Kc6 39. Ke3 Kc5 40. g4 1-0